000 00447nam a2200157 i 4500
001 41071
003 ES-MaACL
005 20230906160353.0
007 t|
008 030307s1970 sp ||||1| spa d
100 1 _aCarpio, Andrés María del.
_935454
245 1 3 _aEl canto del gallo... /
_cAndrés Mª del Carpio.
260 _aMadrid :
_bEditorial Iberoamericana,
_c[1970]
300 _a96 p. ;
_c20 cm.
852 _aES-MaACL
_jC-45806
_bR.77625
999 _c41071
_d41071